China (Record no. 542472)

000 -LEADER
fixed length control field 00318nam a22001217a 4500
082 ## - DEWEY DECIMAL CLASSIFICATION NUMBER
Classification number 307.12160951
Author Mark CHI
-- D
245 ## - TITLE STATEMENT
Title China
Remainder of title small towns development Beijing conference 1995
260 ## - PUBLICATION, DISTRIBUTION, ETC.
Place of publication, distribution, etc. China.:
Date of publication, distribution, etc. 1995
300 ## - PHYSICAL DESCRIPTION
Extent 144 p.
526 ## - STUDY PROGRAM INFORMATION NOTE
Program name 0
Interest level 0
Reading level 0
Title point value 307_121609510000000_CHI
650 ## - SUBJECT ADDED ENTRY--TOPICAL TERM
Topical term or geographic name entry element NUST
9 (RLIN) 6342
942 ## - ADDED ENTRY ELEMENTS (KOHA)
Source of classification or shelving scheme
Koha item type Book
Holdings
Withdrawn status Lost status Source of classification or shelving scheme Damaged status Not for loan Permanent Location Current Location Date acquired Total Checkouts Full call number Barcode Date last seen Price effective from Koha item type
          Military College of Engineering (MCE) Military College of Engineering (MCE) 12/24/2013   307.12160951 CHI MCE-43121 12/24/2013 12/24/2013 Book
© 2023 Central Library, National University of Sciences and Technology. All Rights Reserved.